000 00277nam a22001217a 4500
020 _a0-471-51183-8
082 _a631.4 LAM'S
100 _aLAMBE, T. W
_978525
245 _aSOIL TESTING FOR ENGINEERING
260 _aNEWYORK
_bJOHN WILEY
_c1951
300 _a165P
942 _cBK
999 _c583635
_d583635